Elements of China : (Record no. 611334)
[ view plain ]
| 000 -LEADER | |
|---|---|
| fixed length control field | 00991cam a2200301 a 4500 |
| 001 - CONTROL NUMBER | |
| control field | 14936134 |
| 005 - DATE AND TIME OF LATEST TRANSACTION | |
| control field | 20240902155718.0 |
| 008 - FIXED-LENGTH DATA ELEMENTS--GENERAL INFORMATION | |
| fixed length control field | 070720s2002 cc a 000 0 eng d |
| 010 ## - LIBRARY OF CONGRESS CONTROL NUMBER | |
| LC control number | 2007320482 |
| 020 ## - INTERNATIONAL STANDARD BOOK NUMBER | |
| International Standard Book Number | 7508500458 |
| 020 ## - INTERNATIONAL STANDARD BOOK NUMBER | |
| International Standard Book Number | 9787508500454 |
| 035 ## - SYSTEM CONTROL NUMBER | |
| System control number | (OCoLC)ocm52151621 |
| 040 ## - CATALOGING SOURCE | |
| Original cataloging agency | CPV |
| Transcribing agency | CPV |
| Modifying agency | OCLCQ |
| -- | MUQ |
| -- | DLC |
| 042 ## - AUTHENTICATION CODE | |
| Authentication code | lccopycat |
| 043 ## - GEOGRAPHIC AREA CODE | |
| Geographic area code | a-cc--- |
| 050 00 - LIBRARY OF CONGRESS CALL NUMBER | |
| Classification number | DS779.23 |
| Item number | .B73 2002 |
| 082 ## - DEWEY DECIMAL CLASSIFICATION NUMBER | |
| Classification number | 779.23 |
| Author Mark | BRA |
| 100 1# - MAIN ENTRY--PERSONAL NAME | |
| Personal name | Brahm, Laurence J. |
| 9 (RLIN) | 14258 |
| 245 10 - TITLE STATEMENT | |
| Title | Elements of China : |
| Remainder of title | water, wood, fire, earth, gold / |
| Statement of responsibility, etc. | concept and narrative by Laurence J. Brahm. |
| 250 ## - EDITION STATEMENT | |
| Edition statement | 1st ed. |
| 260 ## - PUBLICATION, DISTRIBUTION, ETC. | |
| Place of publication, distribution, etc. | [Beijing] : |
| Name of publisher, distributor, etc. | China Intercontinental Press, |
| Date of publication, distribution, etc. | 2002. |
| 300 ## - PHYSICAL DESCRIPTION | |
| Extent | 203 p. : |
| Other physical details | col. ill. ; |
| Dimensions | 29 cm. |
| 563 ## - BINDING INFORMATION | |
| Binding note | Hardcover. |
| 651 #0 - SUBJECT ADDED ENTRY--GEOGRAPHIC NAME | |
| Geographic name | China |
| General subdivision | Social life and customs |
| Chronological subdivision | 1976-2002 |
| Form subdivision | Pictorial works. |
| 9 (RLIN) | 125602 |
| 906 ## - LOCAL DATA ELEMENT F, LDF (RLIN) | |
| a | 7 |
| b | cbc |
| c | copycat |
| d | 2 |
| e | ncip |
| f | 20 |
| g | y-gencatlg |
| 942 ## - ADDED ENTRY ELEMENTS (KOHA) | |
| Source of classification or shelving scheme | |
| Koha item type | Book |
| Withdrawn status | Lost status | Source of classification or shelving scheme | Damaged status | Not for loan | Permanent Location | Current Location | Shelving location | Date acquired | Source of acquisition | Total Checkouts | Full call number | Barcode | Date last seen | Price effective from | Koha item type |
|---|---|---|---|---|---|---|---|---|---|---|---|---|---|---|---|
| Central Library (CL) | Central Library (CL) | Chinese Studies | 09/02/2024 | Donated by Chinese Studies Center | 779.23 BRA | CL-D-2643 | 09/02/2024 | 09/02/2024 | Book |
